Loading...
| Current Events | 1 | 30.00 | 100% | 100% | 100% |
| Fine Arts - Classical Music | 6 | 16.67 | 83% | 50% | 33% |
| Fine Arts - Other | 5 | 16.00 | 100% | 40% | 20% |
| Fine Arts - Painting and Sculpture | 3 | 16.67 | 100% | 67% | 0% |
| Geography | 3 | 23.33 | 100% | 100% | 33% |
| History - American | 4 | 25.00 | 100% | 100% | 50% |
| History - Ancient/Other | 5 | 18.00 | 100% | 60% | 20% |
| History - European | 6 | 18.33 | 83% | 100% | 0% |
| History - Other | 1 | 20.00 | 100% | 100% | 0% |
| History - World | 2 | 30.00 | 100% | 100% | 100% |
| Literature - American | 5 | 18.00 | 100% | 80% | 0% |
| Literature - British | 6 | 13.33 | 100% | 33% | 0% |
| Literature - European | 6 | 11.67 | 100% | 17% | 0% |
| Literature - World | 9 | 16.67 | 100% | 44% | 22% |
| Mythology | 5 | 20.00 | 100% | 60% | 40% |
| Other Academic | 1 | 20.00 | 100% | 100% | 0% |
| Philosophy | 3 | 16.67 | 100% | 33% | 33% |
| Religion | 4 | 20.00 | 100% | 75% | 25% |
| Science - Biology | 4 | 20.00 | 75% | 75% | 50% |
| Science - Chemistry | 2 | 20.00 | 100% | 50% | 50% |
| Science - Other | 5 | 24.00 | 80% | 100% | 60% |
| Science - Physics | 5 | 18.00 | 100% | 60% | 20% |
| Social Science | 7 | 18.57 | 100% | 71% | 14% |